000 01156nam a22002897a 4500
001 02908
003 HDC
007 cr bn ---
008 201224b20082008uk ||||| |||| 00| 0 eng d
022 _a0959-0552
040 _aHDC
100 _aKaliappan, Shivee Ranjanee
_eauthor
_91332
245 0 _aSpillover effects of foreign hypermarkets on domestic suppliers in Malaysia
_c/ Shivee Ranjanee Kaliappan [and 3 others]
260 _aUnited Kingdom:
_bEmerald Publishing,
_c2008
300 _a1 online resource (26 pages)
336 _atext
_2rdacontent
337 _acomputer
_2rdamedia
338 _aonline resosurce
_2rdacarrier
500 _aExtract from: International Journal of Retail & Distribution Management, 2009, volume 37, number 3 (pages 226-249)
_aIncludes bibliographical references
650 _aHypermarkets
_zMalaysia
_91334
650 _aRetailing
_91333
710 _aEmerald Publishing
_epublisher
856 _zRequest full-text at [email protected]
942 _2lcc
942 _cAR
942 _kJART 002508
999 _c294
_d294